00939 2200277 4500001002100000005001500021035002000036007000300056008004100059100001600100245005800116300003700174020002200211082001200233084002100245250003400266264004200300336002100342337003000363338002300393440002300416520015700439650002000596700002900616990001600645INLIS00000000116319620230622010656 a0010-0523000038ta230622 b 1 jwa 0 aDjokolelono1 aKethek julig /cDjokolelono; ilustrator, Imam Styawan a23 halaman :bilustrasi ;c20 cm a978-623-7615-87-3 a398.245 aSR 398.245 DJO k aBabaran kapisan, Januari 2023 aYogyakarta :bLingkarantarnusa,c2023 2rdacontentateks 2rdamediaatanpa perantara 2rdacarrieravolume aseri dongeng bocah akethek kang lagi arep milih gedhang sungu, weruh macan mindhik-mindhik nyedhak. wah, piye iki??ora kober mlayu. wis, gampang! kethek nemu akal sanalika! 4aCerita binatang0 aImam Styawaneilustrator a51945.64765